000 00485nam a2200181Ia 4500
008 240925s9999 xx 000 0 und d
020 _a817758300X
082 _a510.2462 RUK
100 _aRukmangadachari E.
245 0 _aEngineering Mathematics-1
250 _a1st
260 _aNew Delhi:
_bPearson Printice Hall
_c,2006.
300 _axxiv,880p.
_bNA
_fPhotocopy
500 _aIncludes Index
600 _aHumanities & Natural Science
650 _aMathematics
942 _cBK
999 _c12400
_d12400